Éléments de théorie du signal, aspects aléatoires
Đã lưu trong:
| Príomhúdar: | |
|---|---|
| Formáid: | Leabhar |
| Teanga: | Undetermined |
| Foilsithe: |
Paris
Ellipses
1996
|
| Ábhair: | |
| Clibeanna: |
Cuir Clib Leis
Gan Chlibeanna, Bí ar an gcéad duine leis an taifead seo a chlibeáil!
|
| Thư viện lưu trữ: | Trung tâm Học liệu Trường Đại học Cần Thơ |
|---|
| LEADER | 00559nam a2200181Ia 4500 | ||
|---|---|---|---|
| 001 | CTU_232790 | ||
| 008 | 210402s9999 xx 000 0 und d | ||
| 082 | |a 621.38 | ||
| 082 | |b C469 | ||
| 100 | |a Charbit, Maurice | ||
| 245 | 0 | |a Éléments de théorie du signal, aspects aléatoires | |
| 245 | 0 | |c Maurice Charbit | |
| 260 | |a Paris | ||
| 260 | |b Ellipses | ||
| 260 | |c 1996 | ||
| 650 | |a Lý thuyết tín hiệu (Viễn thông),Signal theory (Telecommunication) | ||
| 910 | |b dqhieu | ||
| 980 | |a Trung tâm Học liệu Trường Đại học Cần Thơ | ||